| 000 | 01362cam a2200289 i 4500 | ||
|---|---|---|---|
| 003 | SA-RiAUC | ||
| 005 | 20241123163127.0 | ||
| 008 | 241123s1981 ua g 000 0 ara d | ||
| 040 |
_aAE-AiULD _bara _cSA-RiAUC _erda |
||
| 050 | 4 | _bK23 1981 | |
| 082 | 0 | 4 | _a275.5 |
| 090 |
_a275.5 _bك ا ف |
||
| 100 | 1 |
_aالكافي، محمد بن يوسف بن محمد، _d1861-1960 _eمؤلف. |
|
| 245 | 1 | 0 |
_aإحكام الأحكام على تحفة الحكام على منظومة أبي بكر محمد بن محمد بن عاصم الغرناطي فيما يلزم القضاة من الأحكام في مذهب الإمام مالك بن أنس / _cمحمد بن يوسف الكافي. |
| 250 | _aالطبعة الثالثة. | ||
| 264 | 1 |
_aالقاهرة : _bدار الفكر، _c1981 |
|
| 300 |
_a356 صفحة ؛ _c19 سم |
||
| 336 |
_aنص _btxt _2rdacontent _3كتاب |
||
| 337 |
_aبدون وسيط _bn _2rdamedia |
||
| 338 |
_aمجلد _bnc _2rdacarrier |
||
| 650 | 7 |
_aالقضاء في الإسلام _2aucsh |
|
| 650 | 7 |
_aالفقه المالكي _2aucsh |
|
| 700 | 1 | 2 |
_aابن عاصم، محمد بن محمد بن محمد (الأب)، _d760-829 هجري. _tتحفة الحكام في نكت العقود والأحكام |
| 740 | 0 | 2 | _aتحفة الحكام. |
| 942 |
_2ddc _cBOOK _n0 |
||
| 949 |
_aSA-JeALM _d241123 _umohamedma123 _n1 |
||
| 999 |
_c2655 _d2655 |
||